El Santuario y el camarín de la Virgen de la Peña de Sepúlveda / (Record no. 13662)

MARC details
000 -LEADER
campo de control de longitud fija 00813nam a2200217 i 4500
001 - NÚMERO DE CONTROL
campo de control 13662
003 - IDENTIFICADOR DE NÚMERO DE CONTROL
campo de control ES-MaACL
005 - FECHA Y HORA DE LA ÚLTIMA TRANSACCIÓN
campo de control 20230906150633.0
007 - CAMPO FIJO DE DESCRIPCIÓN FÍSICA--INFORMACIÓN GENERAL
campo de control de longitud fija t|
008 - DATOS DE LONGITUD FIJA--INFORMACIÓN GENERAL
campo de control de longitud fija 970807s1996 sp ||||0| spa
020 ## - NÚMERO INTERNACIONAL ESTÁNDAR DEL LIBRO
Número Internacional Estándar del Libro 84-605-5987-4
080 ## - NÚMERO DE LA CLASIFICACIÓN DECIMAL UNIVERSAL
Número de la Clasificación Decimal Universal 726.54(460.188 Sepúlveda)
245 03 - MENCIÓN DEL TÍTULO
Título El Santuario y el camarín de la Virgen de la Peña de Sepúlveda /
Mención de responsabilidad, etc. estudio introductorio de Antonio Linage Conde ; Marta Alvargonzález Terrero ... [et al.].
250 ## - MENCION DE EDICION
Mención de edición 1ª ed.
260 ## - PUBLICACIÓN, DISTRIBUCIÓN, ETC.
Lugar de publicación, distribución, etc. Sepúlveda :
Nombre del editor, distribuidor, etc. Hermandad de Nuestra Señora de la Virgen de la Peña,
Fecha de publicación, distribución, etc. 1996.
300 ## - DESCRIPCIÓN FÍSICA
Extensión 389 p. :
Otras características físicas il. col. ;
Dimensiones 24 cm.
610 24 - PUNTO DE ACCESO ADICIONAL DE MATERIA--NOMBRE DE ENTIDAD CORPORATIVA
Nombre de entidad corporativa o nombre de jurisdicción como elemento de entrada Santuario de Nuestra Señora de la Virgen de la Peña.
9 (RLIN) 6507
700 1# - ENTRADA AGREGADA--NOMBRE PERSONAL
Nombre de persona Linage Conde, Antonio.
9 (RLIN) 72322
700 1# - ENTRADA AGREGADA--NOMBRE PERSONAL
Nombre de persona Alvargonzález Terrero, Marta.
9 (RLIN) 21014
852 ## - LOCALIZACIÓN
Ubicación ES-MaACL
Número de control de estantería L-21030
Holdings
Estatus retirado Estado de pérdida Estado de daño No para préstamo Biblioteca de origen Biblioteca actual Ubicación en estantería Fecha de adquisición Fuente de adquisición Total de préstamos Signatura topográfica completa Código de barras Visto por última vez Precio de reemplazo Tipo de ítem Koha
        Biblioteca del Ateneo de Madrid Biblioteca del Ateneo de Madrid Depósito 2 17/01/2008     L-21030 1013906 23/02/2023 23/02/2023 Libro impreso